Krupobitie i kolaps kanalizačného systému

Bibliographic Details
Format: Article
Language:Slovak
Subjects:

MARC

LEADER 00000nab a2200000 ar4500
001 vtls008998776
003 SK-MaSNL
005 20260303065856.0
008 070613c2007 xo wr|p|||||||000 b|slo
038 |a PPPK 
040 |a PPPKCL  |b slo  |c PPPK  |e AACR2 
041 0 |a slo 
044 |a xo  |c SK 
080 |a 551.515.3  |2 1997 
080 |a 551.577.61  |2 1997 
245 0 0 |a Krupobitie i kolaps kanalizačného systému  |c [autor] (ppt) 
648 7 |a máj 2007  |2 pppkcl  |9 1061574 
650 0 7 |a prietrže mračien  |2 pppkcl  |9 881331 
650 0 7 |a Škody spôsobené zrážkami  |2 pppkcl  |9 1066511 
651 7 |a Veľká (Poprad, Slovensko)  |2 pppkcl  |9 31782 
651 7 |a Nová Lesná (Slovensko)  |2 pppkcl  |9 54981 
651 7 |a Poprad (Slovensko : okres)  |2 pppkcl  |9 28675 
773 0 |t Poprad : noviny občanov mesta  |g Roč. XVIII, č. 38 (2007), s. 1 
852 |a PPPK  |b KIS3GCP 
999 |c 1753096  |d 1755026